00478nam a2200193 a 4500001001300000003000900013005001700022008004100039020001000080082001600090100001800106245002700124260004200151300000900193500003500202505001000237650001900247700001800266nice12345678IN_TiNIC20260116011624.0050524s1982 ista grp 000 0 per  ac10000a891.55bZAK aZakani, Obaid aMuntakhib Lataif Nizam aIstanbulbMatba Abulziya Taufiqc1982 a129p aincludes index and biblioraphy2 aIndex aPersian Satire1 aZakani, Obaid